000 00629nam a22002417a 4500
003 UA-OsUOA
001 93686
007 ta
008 20130125b un ||||| |||| 00| 0 ukr d
100 _aБерезіна Д.
090 _a821.161.2
_bБ48
942 _cBR
040 _aUA-OsUOA
_bukr
_cUA-OsUOA
_dUA-OsUOA
245 _aКамера схову
_bпоезії, проза
300 _a40 с.
955 _a3
041 _aukr
080 _a821.161.2
020 _a966-8187-17-2
260 _aК.
_bГопак
_c2004
650 7 _a82 Література. Літературознавство
_2UDC
999 _c379927
_d379927